Social investment in Kenya : (Record no. 13824)
[ view plain ]
| 000 -LEADER | |
|---|---|
| fixed length control field | 00640nam a22001932 4500 |
| 001 - CONTROL NUMBER | |
| control field | 0000021351 |
| 005 - DATE AND TIME OF LATEST TRANSACTION | |
| control field | 20151217155909.0 |
| 008 - FIXED-LENGTH DATA ELEMENTS--GENERAL INFORMATION | |
| fixed length control field | 120327s xx 000 0 eng d |
| 020 ## - INTERNATIONAL STANDARD BOOK NUMBER | |
| International Standard Book Number | 9966156907 : |
| 040 ## - CATALOGING SOURCE | |
| Original cataloging agency | KABU |
| Transcribing agency | KABU |
| 245 10 - TITLE STATEMENT | |
| Title | Social investment in Kenya : |
| Remainder of title | a survey report by Allavida to support the development of the Kenya Social Investment eXchange (KSIX) / |
| 250 ## - EDITION STATEMENT | |
| Edition statement | 1st ed. |
| 260 ## - PUBLICATION, DISTRIBUTION, ETC. (IMPRINT) | |
| Place of publication, distribution, etc. | Nairobi : |
| Name of publisher, distributor, etc. | Allavida, |
| Date of publication, distribution, etc. | 2011. |
| 300 ## - PHYSICAL DESCRIPTION | |
| Extent | 108 p. |
| 650 #0 - SUBJECT ADDED ENTRY--TOPICAL TERM | |
| Topical term or geographic name as entry element | Investments |
| General subdivision | Moral and ethical aspects |
| Geographic subdivision | Kenya. |
| -- | 0000182171 |
| 908 ## - PUT COMMAND PARAMETER (RLIN) | |
| Put command parameter | 120327 |
| 950 ## - LOCAL HOLDINGS (RLIN) | |
| -- | 1 |
| Withdrawn status | Lost status | Source of classification or shelving scheme | Not for loan | Home library | Current library | Date acquired | Total Checkouts | Full call number | Barcode | Date last seen | Price effective from | Koha item type |
|---|---|---|---|---|---|---|---|---|---|---|---|---|
| Library of Congress Classification | Kabarak, Main Campus | Kabarak, Main Campus | 17/12/2015 | HG5840 .S63 2011 c. 1 | 20564 | 17/12/2015 | 17/12/2015 | Africana Collection |